• 首页
  • 本馆介绍
  • 公告通知
  • 最新文献
  • 馆藏检索
  • 电子资源
  • 读者导购
  • 参考咨询
  • 我的图书馆
  • 登录
  • 详细信息显示
  • 放入我的书架
  • 预约/预借图书
  • 作者相关作品
  • 分类相关作品
  • 丛书相关作品
  • 出版社相关作品

书目信息

  • 表格格式
  • 工作单格式
  • 卡片格式
题名:
特高压电网
    
 
作者: 刘振亚 主编
分册:  
出版信息: 北京   中国经济出版社  2005.10
页数: 453页
开本: 26cm
丛书名:
单 册:
中图分类: TM72
科图分类:
主题词: 输电技术 , 配电系统--技术
电子资源:
ISBN: 7-5017-7226-6
000 00614nam0 2200217 450
001 0759305036
005 20071213162854.28
010    @a7-5017-7226-6@dCNY70.00
100    @a20071213d2005 km y0chiy0120 ea
101 0  @achi
102    @aCN@b110000
200 1  @a特高压电网@Ate gao ya dian wang@f刘振亚主编@Fliu zhen ya zhu bian
210    @a北京@c中国经济出版社@d2005.10
215    @a453页@d26cm
606 0  @a输电技术
606 0  @a配电系统@x技术
690    @aTM72@v4
701  0 @a刘振亚@Aliu zhen ya@4主编
801  0 @aCN@b大连网信软件有限公司图书馆@c20071213
905    @aBZT@dTM72@e1
906    @dCNY70.00@n0@r1
    
    特高压电网/刘振亚主编.-北京:中国经济出版社,2005.10
    453页;26cm
    
    
    ISBN 7-5017-7226-6:CNY70.00
    
●
相关链接 在五车中查询图书 在当当中查询图书 在豆瓣中查询图书


正题名:特高压电网     索取号:TM72/1         预约/预借

序号 登录号 条形码 馆藏地/架位号 状态 备注
1 641280   2000641280   中心书库中库/ 中库029架A面3列3层6/ [索取号:TM72/1] 在馆    
2 641281   2000641281   中心书库中库/ 中库029架A面3列3层1/ [索取号:TM72/1] 在馆    
3 641282   2000641282   中心书库中库/ 中库029架A面3列3层9/ [索取号:TM72/1] 在馆    
4 641283   2000641283   中心书库中库/ 中库029架A面3列3层4/ [索取号:TM72/1] 在馆    
5 641284   2000641284   中心书库中库/ 中库029架A面3列3层3/ [索取号:TM72/1] 在馆    
6 641285   2000641285   中心书库中库/ 中库029架A面3列3层5/ [索取号:TM72/1] 在馆    
7 641286   2000641286   中心书库中库/ 中库029架A面3列3层7/ [索取号:TM72/1] 在馆    
8 641287   2000641287   中心书库中库/ 中库029架A面3列3层8/ [索取号:TM72/1] 在馆    
9 641288   2000641288   中心书库中库/ 中库029架A面3列3层2/ [索取号:TM72/1] 在馆    
10 641289   2000641289   中心书库中库/ 中库029架A面3列3层10/ [索取号:TM72/1] 在馆    
山东省滨州职业学院图书馆 欢迎您!
大连网信软件有限公司© 版权所有